=LDR 00000nam 2200000 4500 =001 INLIS000000000009908 =005 20130612101652 =008 ***********************************Ind** =035 ##$$0010-061300000009908 =041 ##$$a Ind =082 ##$$a 813.01 =090 ##$$a 813.01, Ami j =100 ##$$a Amir, Rosida =245 ##$$a Jalan yang tak kunjung datar, Rosida Amir =260 ##$$a 2000 $b Jakarta =300 ##$$a 83 hlm, 21 cm =650 ##$$a Cerita pendek-kumpulan =850 ##$$a NBPNMAT =990 ##$$a 2090101361/BPAP-NTB/2015 =990 ##$$a 2090101363/BPAP-NTB/2015 =990 ##$$a 3610366 =990 ##$$a 2090101363/BPAP-NTB/2015 =990 ##$$a 3610366 =990 ##$$a 2090101363/BPAP-NTB/2015 =990 ##$$a 05620562